00372 2200157 4500001002100000008004100021035002000062245002100082100001300103250000600116260004800122084001400170082000800184650001000192990001200202INLIS000000000001489 ind  a0010-1124000012 aSekayucNh. Dini aNh. Dini a1 aJakarta :bPT. Gramedia Pustaka Utamac2003 a800 DIN s a800 aFiksi a0715318